Gök von Berlichingen
Guardat en:
| Autor principal: | |
|---|---|
| Format: | Llibre |
| Idioma: | Undetermined |
| Publicat: |
Leipzig, Alemania
Martigs Berlag Ernft Hoppe
1900
|
| Matèries: | |
| Etiquetes: |
Afegir etiqueta
Sense etiquetes, Sigues el primer a etiquetar aquest registre!
|
MARC
| LEADER | 00000nam a2200000Ia 4500 | ||
|---|---|---|---|
| 008 | 170316s9999 xx 000 0 und d | ||
| 040 | |a cru BVZT | ||
| 090 | |a 830 G-4go | ||
| 100 | |a Goethes | ||
| 245 | |a Gök von Berlichingen | ||
| 260 | |a Leipzig, Alemania | ||
| 260 | |b Martigs Berlag Ernft Hoppe | ||
| 260 | |c 1900 | ||
| 300 | |a 164 páginas | ||
| 650 | |a LITERATURA ALEMANA | ||
| 650 | |a EN IDIOMA ALEMÁN | ||
| 999 | |c 7325 |d 7325 | ||
| 942 | |c 15 D |h 830 G-4go |2 z | ||
